00441cam a2200157ua 45000010005000000080039000050400009000440820012000531000033000652450069000982500009001672600033001763000017002096530013002266530044002393947111209n ii |||gr||||Z||||||asm cMAIN a891.4581 aNath, Dhurbajyoti,eEditor.,11aChandra kumarar kabitar bichar bislesonced. by Dhurbajyoti Nath a1st. aDibrugarh:bBanalata,c2000. a181p:c23cm. aAssamese aChandra kumarar kabitar bichar bisleson